| 000 | 01190nam a2200373 a 4500 | ||
|---|---|---|---|
| 001 | 161589 | ||
| 003 | BLK | ||
| 005 | 20240124151655.0 | ||
| 008 | 180410b bul|||||r ||||||| ||bul|| | ||
| 010 | _aKNG00168913000 | ||
| 040 | _aBLK | ||
| 041 |
_aBUL _cBUL |
||
| 072 | 7 |
_2bullib _aК _xКраезнание |
|
| 080 |
_aБългарска литература _b821.163.2 _x-1 _z821.163.2-1 |
||
| 100 | 1 |
_aДобрев, Стефан _eпърви автор _9364465 |
|
| 139 |
_aДобрев, Стефан _bД 66 |
||
| 245 | 1 | 0 |
_aСбогом на илюзиите _bСтихотворения _cСтефан Добрев. |
| 257 | _aBGR | ||
| 260 |
_aШумен _bЙоан Екзарх _c1992 |
||
| 300 |
_a40 с. _c20 см |
||
| 380 | _aX | ||
| 500 | _a2000 тир. | ||
| 659 | _aК | ||
| 852 |
_aЦб 171031 _bЦб |
||
| 852 | _aК 821.163.2/Д 66 С | ||
| 856 | 4 |
_qpdf _i0.00 _ldisable |
|
| 856 | 4 |
_qpdf _i0.00 _ldisable |
|
| 942 |
_cKNG _n0 _s1 |
||
| 944 |
_aCR _c18.12.2014 _lСевдалина Тодорова _k30540 |
||
| 944 |
_aED _c18.12.2014 _l18.12.2014 - от С1,Р / 18.12.2014 |
||
| 999 |
_c161589 _d161589 |
||
| 999 | _d161589 | ||
| 999 | _d161589 | ||
| 999 | _d161589 | ||